000 00572nam a2200193 i 4500
001 60079
003 ES-MaACL
005 20250801143533.0
007 t|
008 031103s1968 sp ||||1| spa d
100 1 _aEscarpit, Robert.
_947516
245 1 0 _aSociología de la literatura /
_cde Robert Escarpit ; [traducción de Ramón Barnils].
260 _aMadrid :
_bMaterials,
_c[1968]
300 _a128 p. ;
_c21 cm.
650 0 7 _aLiteratura y sociedad
_2embne
_914679
700 1 _aBarnils, Ramon.
_925738
852 _aES-MaACL
_jC-48834
999 _c60079
_d60079